01005nas a2200241Ia 4500001001100000003000900011008004100020040001300061040001300074041001300087100003800100210002400138222002400162245008700186250001100273260002200284501008600306300001000392310001600402362003500418500026200453650004800715R704/49377IT-RoPAU151124c99999999xx |||||||||||| ||und|| aIT-RoPAU cIT-RoPAU aFRANCESE aAA.VV. gCodice Aut. SPICS: 12000 aSEMIOTIQUE ET BIBLE aSemiotique Et Bible aSEMIOTIQUE & BIBLE, N.015-SETTEMBRE 1979bSemiotique & Bible, N.015-Settembre 1979 a1a ed. aLYONbCADIRc1979 bPaulus - SPICS - Società€ San Paolo EM (non-commercial uses only)cCopyright2015 a64 p. aTRIMESTRALE aANNO 005, N.015-SETTEMBRE 1979 aSemiotica e Bibbia: Bollettino di Studi e Analisi del Discorso Religioso. Paesaggio Intertestuale. Intertestualità€ nella Teoria di Mikhail Bakhtime:Sua Semiotica, Plurilinguismo e Dialogismo nel Romanzo, Tipologia dei Romanzi, Oggetto del Romanzo, Alcuni  aSEMIOTICA - BIBBIAvPUBBLICAZIONE PERIODICA